Emócie a marketing. Sú jeho neoddeliteľnou súčasou?
Príklady úspečných emočných kampaní. Faktory emočnej marketingovej kampane, vzťahy medzi nimi.
Gespeichert in:
| 1. Verfasser: | |
|---|---|
| Format: | Buchkapitel |
| Sprache: | Slowakisch |
| Schlagworte: | |
| Tags: |
Keine Tags, Fügen Sie das erste Tag hinzu!
|
MARC
| LEADER | 00000naa a2200000 4500 | ||
|---|---|---|---|
| 001 | 0241410 | ||
| 005 | 20180322142201.4 | ||
| 041 | 0 | |a slo | |
| 044 | |a SK | ||
| 245 | 1 | 0 | |a Emócie a marketing. Sú jeho neoddeliteľnou súčasou? |c Dávid Vrtaňa |
| 520 | |a Príklady úspečných emočných kampaní. Faktory emočnej marketingovej kampane, vzťahy medzi nimi. | ||
| 610 | 2 | 0 | |a stratégia marketingová |
| 610 | 2 | 0 | |a emócie |
| 610 | 2 | 0 | |a kampane reklamné |
| 100 | 1 | |a Vrtaňa, Dávid | |